000 01079nam a2200229Ia 4500
003 Ost
005 20260507075247.0
008 260507s9999||||xx |||||||||||||| ||und||
040 _cfsecg
041 _aara
082 _a330
100 _aأبو شمالة، أحمد محمد
_eمؤلف
245 0 _aدراسات في المحاسبة المالية /
_c أحمد محمد أبو شمالة
260 _aعمان:
_bمكتبة المجتمع العربي للنشر والتوزيع,
_c2010
300 _a347 صفحة؛
_bإيضاحات ؛
_c24 سم
520 _aالإطار الفكري للمحاسبة- مفهوم النموذج المحاسبي ومعادلة الميزانية- ميزان المراجعة- الحسابات الإجمالية- الطريقة الإيطالية، الطريقة العادية- الطريقة الفرنسية- الطريقة الإنجليزية.
653 _aالمحاسبة
653 _aالمحاسبة- المالية
653 _aالمحاسبة- دراسات
653 _aالميزانية
942 _cكتاب
999 _c43665
_d43665